[Event "April 9 Early 2024"]
[Site "Chess.com"]
[Date "2024.04.09"]
[Round "8"]
[White "Liu, Casper"]
[Black "Gubajdullin, Alexei"]
[Result "1-0"]
[Board "91"]
[WhiteFideId "1454153"]
[BlackFideId "4141202"]
[WhiteTitle "FM"]
[BlackTitle "FM"]
[WhiteElo "2511"]
[BlackElo "2645"]
[WhiteTeam "DEN"]
[BlackTeam "RUS"]
[WhiteClock "0:00:42"]
[BlackClock "0:00:00"]
[Variant "Standard"]

1. e4 {[%clk 0:03:00]}  g6 {[%clk 0:02:58]} 2. Nf3 {[%clk 0:02:59]}  Bg7 {[%clk 0:02:58]} 3. g3 {[%clk 0:03:00]}  c5 {[%clk 0:02:57]} 4. Bg2 {[%clk 0:03:00]}  Nc6 {[%clk 0:02:58]} 5. O-O {[%clk 0:03:00]}  d6 {[%clk 0:02:58]} 6. d3 {[%clk 0:03:01]}  Nf6 {[%clk 0:02:57]} 7. Be3 {[%clk 0:03:00]}  O-O {[%clk 0:02:57]} 8. c3 {[%clk 0:03:01]}  Bg4 {[%clk 0:02:56]} 9. Re1 {[%clk 0:03:01]}  Rb8 {[%clk 0:02:56]} 10. a4 {[%clk 0:03:00]}  a6 {[%clk 0:02:56]} 11. Nbd2 {[%clk 0:03:00]}  b6 {[%clk 0:02:56]} 12. h3 {[%clk 0:02:59]}  Bxf3 {[%clk 0:02:55]} 13. Nxf3 {[%clk 0:02:59]}  Nd7 {[%clk 0:02:55]} 14. d4 {[%clk 0:02:59]}  cxd4 {[%clk 0:02:54]} 15. cxd4 {[%clk 0:03:00]}  Nb4 {[%clk 0:02:53]} 16. Qe2 {[%clk 0:02:58]}  Rc8 {[%clk 0:02:49]} 17. Rec1 {[%clk 0:02:55]}  e5 {[%clk 0:02:40]} 18. Bg5 {[%clk 0:02:47]}  Bf6 {[%clk 0:02:29]} 19. Bd2 {[%clk 0:02:41]}  Nc2 {[%clk 0:02:24]} 20. Rab1 {[%clk 0:02:37]}  exd4 {[%clk 0:02:11]} 21. Bh6 {[%clk 0:02:34]}  Nb4 {[%clk 0:02:00]} 22. Qd2 {[%clk 0:02:29]}  Nc6 {[%clk 0:01:45]} 23. Bxf8 {[%clk 0:02:28]}  Qxf8 {[%clk 0:01:45]} 24. b4 {[%clk 0:02:29]}  Nde5 {[%clk 0:01:38]} 25. Ne1 {[%clk 0:02:28]}  b5 {[%clk 0:01:35]} 26. Bf1 {[%clk 0:02:24]}  a5 {[%clk 0:00:49]} 27. bxa5 {[%clk 0:02:09]}  d3 {[%clk 0:00:46]} 28. Bxd3 {[%clk 0:01:56]}  Nd4 {[%clk 0:00:46]} 29. Qe3 {[%clk 0:01:55]}  bxa4 {[%clk 0:00:42]} 30. a6 {[%clk 0:01:53]}  Ra8 {[%clk 0:00:39]} 31. Kg2 {[%clk 0:01:49]}  Nd7 {[%clk 0:00:36]} 32. Rc7 {[%clk 0:01:46]}  Nc5 {[%clk 0:00:36]} 33. a7 {[%clk 0:01:42]}  Qd8 {[%clk 0:00:34]} 34. Rxc5 {[%clk 0:01:15]}  dxc5 {[%clk 0:00:31]} 35. Qf4 {[%clk 0:01:16]}  Nc6 {[%clk 0:00:20]} 36. Bc4 {[%clk 0:01:08]}  Rxa7 {[%clk 0:00:19]} 37. Bd5 {[%clk 0:01:09]}  Ne5 {[%clk 0:00:18]} 38. Nf3 {[%clk 0:01:02]}  Nxf3 {[%clk 0:00:17]} 39. Rb8 {[%clk 0:01:02]}  Nd4 {[%clk 0:00:11]} 40. Qd6 {[%clk 0:00:57]}  Rd7 {[%clk 0:00:08]} 41. Rxd8+ {[%clk 0:00:55]}  Rxd8 {[%clk 0:00:07]} 42. Qxf6 {[%clk 0:00:54]}  Rf8 {[%clk 0:00:07]} 43. Qe7 {[%clk 0:00:52]}  a3 {[%clk 0:00:06]} 44. Qxc5 {[%clk 0:00:51]}  Ne2 {[%clk 0:00:02]} 45. Qxa3 {[%clk 0:00:49]}  Nd4 {[%clk 0:00:01]} 46. Qa7 {[%clk 0:00:47]}  Nb5 {[%clk 0:00:02]} 47. Qd7 {[%clk 0:00:45]}  Nd4 {[%clk 0:00:01]} 48. f4 {[%clk 0:00:44]}  Nc2 {[%clk 0:00:01]} 49. h4 {[%clk 0:00:43]}  Ne3+ {[%clk 0:00:01]} 50. Kf3 {[%clk 0:00:44]}  Nc2 {[%clk 0:00:01]} 51. g4 {[%clk 0:00:42]}  h6 {[%clk 0:00:00]} 52. g5 {[%clk 0:00:42]} 1-0

[Event "April 9 Early 2024"]
[Site "Chess.com"]
[Date "2024.04.09"]
[Round "8"]
[White "Chernomordik, Pavel"]
[Black "Williams, Simon K"]
[Result "0-1"]
[Board "94"]
[WhiteFideId "2804530"]
[BlackFideId "404454"]
[WhiteTitle "FM"]
[BlackTitle "GM"]
[WhiteElo "2470"]
[BlackElo "2639"]
[WhiteTeam "ISR"]
[BlackTeam "ENG"]
[WhiteClock "0:00:02"]
[BlackClock "0:00:06"]
[Variant "Standard"]

1. e4 {[%clk 0:03:00]}  c5 {[%clk 0:02:57]} 2. Nc3 {[%clk 0:03:00]}  Nc6 {[%clk 0:02:51]} 3. Bb5 {[%clk 0:03:00]}  Nd4 {[%clk 0:02:51]} 4. Bc4 {[%clk 0:02:59]}  Nf6 {[%clk 0:02:49]} 5. Nge2 {[%clk 0:02:51]}  e6 {[%clk 0:02:48]} 6. a3 {[%clk 0:02:39]}  d5 {[%clk 0:02:46]} 7. exd5 {[%clk 0:02:39]}  exd5 {[%clk 0:02:46]} 8. Ba2 {[%clk 0:02:40]}  Be7 {[%clk 0:02:33]} 9. Nf4 {[%clk 0:02:32]}  O-O {[%clk 0:02:16]} 10. Ncxd5 {[%clk 0:02:24]}  Nxd5 {[%clk 0:02:16]} 11. Nxd5 {[%clk 0:02:23]}  Bd6 {[%clk 0:02:14]} 12. Ne3 {[%clk 0:02:15]}  Qh4 {[%clk 0:02:06]} 13. d3 {[%clk 0:02:03]}  Re8 {[%clk 0:01:46]} 14. c3 {[%clk 0:01:54]}  Bg4 {[%clk 0:01:42]} 15. Qd2 {[%clk 0:01:45]}  Bf4 {[%clk 0:01:13]} 16. Kf1 {[%clk 0:00:54]}  Bxe3 {[%clk 0:00:37]} 17. fxe3 {[%clk 0:00:52]}  Rxe3 {[%clk 0:00:19]} 18. Qxe3 {[%clk 0:00:46]}  Be2+ {[%clk 0:00:18]} 19. Qxe2 {[%clk 0:00:43]}  Nxe2 {[%clk 0:00:18]} 20. Kxe2 {[%clk 0:00:43]}  Re8+ {[%clk 0:00:17]} 21. Kd1 {[%clk 0:00:43]}  Qf2 {[%clk 0:00:14]} 22. Bd2 {[%clk 0:00:31]}  Re2 {[%clk 0:00:12]} 23. Be1 {[%clk 0:00:29]}  Qxg2 {[%clk 0:00:11]} 24. Bd5 {[%clk 0:00:23]}  Qxd5 {[%clk 0:00:10]} 25. Kxe2 {[%clk 0:00:22]}  Qxh1 {[%clk 0:00:10]} 26. Rd1 {[%clk 0:00:18]}  Qxh2+ {[%clk 0:00:09]} 27. Bf2 {[%clk 0:00:18]}  Qe5+ {[%clk 0:00:09]} 28. Kd2 {[%clk 0:00:17]}  Qd5 {[%clk 0:00:09]} 29. Re1 {[%clk 0:00:15]}  h6 {[%clk 0:00:09]} 30. Kc2 {[%clk 0:00:14]}  h5 {[%clk 0:00:08]} 31. Re2 {[%clk 0:00:12]}  b5 {[%clk 0:00:08]} 32. Bg3 {[%clk 0:00:11]}  a5 {[%clk 0:00:07]} 33. Kb1 {[%clk 0:00:02]}  Qxd3+ {[%clk 0:00:06]} 0-1

[Event "April 9 Early 2024"]
[Site "Chess.com"]
[Date "2024.04.09"]
[Round "8"]
[White "Zafirakos, Jesse"]
[Black "Kvaloy, Aksel Bu"]
[Result "1/2-1/2"]
[Board "95"]
[WhiteFideId "3236200"]
[BlackFideId "1528815"]
[WhiteTitle "CM"]
[BlackTitle "IM"]
[WhiteElo "2467"]
[BlackElo "2638"]
[WhiteTeam "AUS"]
[BlackTeam "NOR"]
[WhiteClock "0:00:02"]
[BlackClock "0:00:04"]
[Variant "Standard"]

1. h3 {[%clk 0:02:53]}  e5 {[%clk 0:02:53]} 2. e4 {[%clk 0:02:52]}  Nf6 {[%clk 0:02:53]} 3. Nc3 {[%clk 0:02:52]}  Bb4 {[%clk 0:02:51]} 4. a3 {[%clk 0:02:49]}  Ba5 {[%clk 0:02:46]} 5. Nf3 {[%clk 0:02:49]}  d5 {[%clk 0:02:43]} 6. exd5 {[%clk 0:02:44]}  O-O {[%clk 0:02:36]} 7. Nxe5 {[%clk 0:02:24]}  Re8 {[%clk 0:02:25]} 8. d4 {[%clk 0:02:24]}  Nxd5 {[%clk 0:02:25]} 9. Bd3 {[%clk 0:02:23]}  Nxc3 {[%clk 0:02:20]} 10. Bxh7+ {[%clk 0:02:23]}  Kf8 {[%clk 0:02:13]} 11. Qh5 {[%clk 0:02:07]}  Qf6 {[%clk 0:01:52]} 12. O-O {[%clk 0:01:53]}  Nd5 {[%clk 0:01:46]} 13. Bg5 {[%clk 0:01:33]}  Rxe5 {[%clk 0:01:16]} 14. dxe5 {[%clk 0:01:29]}  Qxe5 {[%clk 0:01:16]} 15. b4 {[%clk 0:01:15]}  Nf4 {[%clk 0:00:54]} 16. Qh4 {[%clk 0:01:08]}  Ne2+ {[%clk 0:00:48]} 17. Kh1 {[%clk 0:01:05]}  Bb6 {[%clk 0:00:47]} 18. Bd3 {[%clk 0:00:56]}  f6 {[%clk 0:00:35]} 19. Rae1 {[%clk 0:00:34]}  Qxg5 {[%clk 0:00:25]} 20. Qh8+ {[%clk 0:00:28]}  Kf7 {[%clk 0:00:20]} 21. Bc4+ {[%clk 0:00:20]}  Kg6 {[%clk 0:00:18]} 22. Qe8+ {[%clk 0:00:16]}  Kh7 {[%clk 0:00:11]} 23. Rxe2 {[%clk 0:00:09]}  Nc6 {[%clk 0:00:10]} 24. Qg8+ {[%clk 0:00:06]}  Kh6 {[%clk 0:00:07]} 25. Bf7 {[%clk 0:00:06]}  Bxh3 {[%clk 0:00:04]} 26. f4 {[%clk 0:00:04]}  Bxg2+ {[%clk 0:00:02]} 27. Rxg2 {[%clk 0:00:05]}  Qxg2+ {[%clk 0:00:03]} 28. Kxg2 {[%clk 0:00:06]}  Rxg8 {[%clk 0:00:03]} 29. Bxg8 {[%clk 0:00:07]}  Nd4 {[%clk 0:00:03]} 30. c4 {[%clk 0:00:06]}  c5 {[%clk 0:00:02]} 31. Rd1 {[%clk 0:00:06]}  Kg6 {[%clk 0:00:02]} 32. Bd5 {[%clk 0:00:06]}  Kf5 {[%clk 0:00:02]} 33. Bxb7 {[%clk 0:00:05]}  Kxf4 {[%clk 0:00:02]} 34. Rc1 {[%clk 0:00:02]}  Ke3 {[%clk 0:00:02]} 35. Rf1 {[%clk 0:00:02]}  Kd3 {[%clk 0:00:02]} 36. Rc1 {[%clk 0:00:01]}  Ne2 {[%clk 0:00:02]} 37. Be4+ {[%clk 0:00:01]}  Kxe4 {[%clk 0:00:02]} 38. bxc5 {[%clk 0:00:01]}  Bxc5 {[%clk 0:00:02]} 39. Re1 {[%clk 0:00:01]}  Kd3 {[%clk 0:00:02]} 40. Rd1+ {[%clk 0:00:02]}  Kc2 {[%clk 0:00:02]} 41. Rd7 {[%clk 0:00:03]}  Nd4 {[%clk 0:00:02]} 42. Rxg7 {[%clk 0:00:03]}  Kc3 {[%clk 0:00:03]} 43. Rf7 {[%clk 0:00:03]}  f5 {[%clk 0:00:03]} 44. Kg3 {[%clk 0:00:03]}  Kxc4 {[%clk 0:00:03]} 45. a4 {[%clk 0:00:03]}  a5 {[%clk 0:00:04]} 46. Kf4 {[%clk 0:00:03]}  Bb4 {[%clk 0:00:04]} 47. Rc7+ {[%clk 0:00:03]}  Kb3 {[%clk 0:00:04]} 48. Ke5 {[%clk 0:00:04]}  Nc2 {[%clk 0:00:05]} 49. Kxf5 {[%clk 0:00:04]}  Na3 {[%clk 0:00:05]} 50. Ra7 {[%clk 0:00:04]}  Kxa4 {[%clk 0:00:06]} 51. Ke4 {[%clk 0:00:04]}  Kb3 {[%clk 0:00:07]} 52. Kd3 {[%clk 0:00:04]}  Nb1 {[%clk 0:00:07]} 53. Ke2 {[%clk 0:00:04]}  a4 {[%clk 0:00:08]} 54. Kd1 {[%clk 0:00:04]}  a3 {[%clk 0:00:08]} 55. Ke2 {[%clk 0:00:03]}  a2 {[%clk 0:00:09]} 56. Rxa2 {[%clk 0:00:03]}  Kxa2 {[%clk 0:00:10]} 57. Kf3 {[%clk 0:00:04]}  Kb3 {[%clk 0:00:10]} 58. Ke4 {[%clk 0:00:05]}  Kc4 {[%clk 0:00:11]} 59. Ke3 {[%clk 0:00:05]}  Nc3 {[%clk 0:00:12]} 60. Kf4 {[%clk 0:00:05]}  Kd4 {[%clk 0:00:12]} 61. Kf5 {[%clk 0:00:06]}  Nd5 {[%clk 0:00:12]} 62. Ke6 {[%clk 0:00:05]}  Ke4 {[%clk 0:00:13]} 63. Kd7 {[%clk 0:00:06]}  Bd2 {[%clk 0:00:10]} 64. Kc6 {[%clk 0:00:06]}  Kd4 {[%clk 0:00:10]} 65. Kd6 {[%clk 0:00:07]}  Ne3 {[%clk 0:00:09]} 66. Ke6 {[%clk 0:00:07]}  Bb4 {[%clk 0:00:09]} 67. Kf6 {[%clk 0:00:07]}  Ke4 {[%clk 0:00:10]} 68. Ke6 {[%clk 0:00:07]}  Nd5 {[%clk 0:00:10]} 69. Kd7 {[%clk 0:00:07]}  Ke5 {[%clk 0:00:10]} 70. Kc6 {[%clk 0:00:07]}  Nc3 {[%clk 0:00:11]} 71. Kd7 {[%clk 0:00:05]}  Kf6 {[%clk 0:00:11]} 72. Kc6 {[%clk 0:00:05]}  Ke6 {[%clk 0:00:12]} 73. Kc7 {[%clk 0:00:05]}  Nb5+ {[%clk 0:00:10]} 74. Kb6 {[%clk 0:00:05]}  Nd4 {[%clk 0:00:10]} 75. Kc7 {[%clk 0:00:04]}  Bc5 {[%clk 0:00:10]} 76. Kd8 {[%clk 0:00:04]}  Kf7 {[%clk 0:00:06]} 77. Kd7 {[%clk 0:00:03]}  Kf6 {[%clk 0:00:06]} 78. Ke8 {[%clk 0:00:02]}  Ke6 {[%clk 0:00:07]} 79. Kd8 {[%clk 0:00:03]}  Nb5 {[%clk 0:00:07]} 80. Ke8 {[%clk 0:00:01]}  Bb6 {[%clk 0:00:03]} 81. Kf8 {[%clk 0:00:02]}  Nc7 {[%clk 0:00:02]} 82. Kg7 {[%clk 0:00:02]}  Be3 {[%clk 0:00:03]} 83. Kg6 {[%clk 0:00:03]}  Nd5 {[%clk 0:00:02]} 84. Kh5 {[%clk 0:00:03]}  Nf6+ {[%clk 0:00:03]} 85. Kh4 {[%clk 0:00:03]}  Bf4 {[%clk 0:00:04]} 86. Kh3 {[%clk 0:00:03]}  Ke5 {[%clk 0:00:04]} 87. Kg2 {[%clk 0:00:03]}  Ke4 {[%clk 0:00:05]} 88. Kf2 {[%clk 0:00:03]}  Ng4+ {[%clk 0:00:05]} 89. Ke2 {[%clk 0:00:03]}  Be3 {[%clk 0:00:05]} 90. Kd1 {[%clk 0:00:02]}  Kd3 {[%clk 0:00:05]} 91. Ke1 {[%clk 0:00:02]}  Nh2 {[%clk 0:00:05]} 92. Kd1 {[%clk 0:00:02]}  Nf3 {[%clk 0:00:04]} 1/2-1/2

[Event "April 9 Early 2024"]
[Site "Chess.com"]
[Date "2024.04.09"]
[Round "8"]
[White "Lai, Hong Jun"]
[Black "Borgaonkar Akshay"]
[Result "1-0"]
[Board "99"]
[WhiteFideId "5729165"]
[BlackFideId "25639110"]
[WhiteTitle "CM"]
[BlackTitle "FM"]
[WhiteElo "2377"]
[BlackElo "2633"]
[WhiteTeam "MAS"]
[BlackTeam "IND"]
[WhiteClock "0:00:02"]
[BlackClock "0:00:16"]
[Variant "Standard"]

1. d4 {[%clk 0:02:57]}  Nf6 {[%clk 0:02:59]} 2. c4 {[%clk 0:02:55]}  g6 {[%clk 0:02:59]} 3. Nc3 {[%clk 0:02:48]}  Bg7 {[%clk 0:03:00]} 4. e4 {[%clk 0:02:46]}  O-O {[%clk 0:03:00]} 5. Nf3 {[%clk 0:02:46]}  d6 {[%clk 0:03:01]} 6. Be2 {[%clk 0:02:47]}  e5 {[%clk 0:02:59]} 7. Be3 {[%clk 0:02:46]}  Nc6 {[%clk 0:02:57]} 8. d5 {[%clk 0:02:45]}  Ne7 {[%clk 0:02:57]} 9. Nd2 {[%clk 0:02:45]}  c5 {[%clk 0:02:55]} 10. a3 {[%clk 0:02:30]}  b6 {[%clk 0:02:54]} 11. b4 {[%clk 0:02:25]}  Ne8 {[%clk 0:02:54]} 12. f3 {[%clk 0:02:24]}  f5 {[%clk 0:02:55]} 13. Nb3 {[%clk 0:02:24]}  f4 {[%clk 0:02:55]} 14. Bf2 {[%clk 0:02:23]}  g5 {[%clk 0:02:55]} 15. b5 {[%clk 0:02:22]}  h5 {[%clk 0:02:55]} 16. a4 {[%clk 0:02:20]}  a5 {[%clk 0:02:45]} 17. bxa6 {[%clk 0:02:17]}  Rxa6 {[%clk 0:02:45]} 18. Nb5 {[%clk 0:02:01]}  Nf6 {[%clk 0:02:42]} 19. Kd2 {[%clk 0:01:56]}  g4 {[%clk 0:02:42]} 20. Be1 {[%clk 0:01:45]}  Ng6 {[%clk 0:02:26]} 21. Kc1 {[%clk 0:01:39]}  Bh6 {[%clk 0:02:24]} 22. Kb2 {[%clk 0:01:37]}  Rf7 {[%clk 0:02:18]} 23. a5 {[%clk 0:01:34]}  bxa5 {[%clk 0:02:17]} 24. Nxa5 {[%clk 0:01:05]}  Qf8 {[%clk 0:02:17]} 25. Nc6 {[%clk 0:00:57]}  Rxa1 {[%clk 0:02:16]} 26. Qxa1 {[%clk 0:00:58]}  Bd7 {[%clk 0:02:11]} 27. Qa6 {[%clk 0:00:53]}  Be8 {[%clk 0:02:08]} 28. Nd8 {[%clk 0:00:44]}  Bxb5 {[%clk 0:02:07]} 29. cxb5 {[%clk 0:00:39]}  Qxd8 {[%clk 0:02:07]} 30. b6 {[%clk 0:00:22]}  Nd7 {[%clk 0:02:06]} 31. Ba5 {[%clk 0:00:23]}  Qb8 {[%clk 0:02:06]} 32. Bb5 {[%clk 0:00:21]}  Nxb6 {[%clk 0:02:03]} 33. Kc3 {[%clk 0:00:14]}  Rb7 {[%clk 0:02:01]} 34. Bc6 {[%clk 0:00:12]}  Ra7 {[%clk 0:01:43]} 35. Qxb6 {[%clk 0:00:12]}  Qxb6 {[%clk 0:01:43]} 36. Bxb6 {[%clk 0:00:13]}  Ra3+ {[%clk 0:01:43]} 37. Kc4 {[%clk 0:00:12]}  gxf3 {[%clk 0:01:41]} 38. gxf3 {[%clk 0:00:11]}  Nh4 {[%clk 0:01:32]} 39. Bc7 {[%clk 0:00:09]}  Bf8 {[%clk 0:01:31]} 40. Be8 {[%clk 0:00:05]}  Nxf3 {[%clk 0:01:30]} 41. Bxh5 {[%clk 0:00:04]}  Nd2+ {[%clk 0:01:30]} 42. Kb5 {[%clk 0:00:05]}  Nxe4 {[%clk 0:01:30]} 43. Rg1+ {[%clk 0:00:05]}  Kh8 {[%clk 0:01:29]} 44. Bf7 {[%clk 0:00:04]}  Bg7 {[%clk 0:01:25]} 45. Bg6 {[%clk 0:00:04]}  Nc3+ {[%clk 0:01:23]} 46. Kc6 {[%clk 0:00:04]}  f3 {[%clk 0:01:24]} 47. Bxd6 {[%clk 0:00:04]}  f2 {[%clk 0:01:22]} 48. Rf1 {[%clk 0:00:04]}  Ra6+ {[%clk 0:01:20]} 49. Kd7 {[%clk 0:00:04]}  Nb5 {[%clk 0:01:18]} 50. Bxc5 {[%clk 0:00:02]}  Rxg6 {[%clk 0:01:18]} 51. Rxf2 {[%clk 0:00:03]}  Nc3 {[%clk 0:01:17]} 52. d6 {[%clk 0:00:01]}  Ne4 {[%clk 0:01:18]} 53. Rc2 {[%clk 0:00:02]}  Nxc5+ {[%clk 0:01:17]} 54. Rxc5 {[%clk 0:00:02]}  e4 {[%clk 0:01:14]} 55. Kc7 {[%clk 0:00:01]}  Bf6 {[%clk 0:00:38]} 56. d7 {[%clk 0:00:01]}  Rg7 {[%clk 0:00:38]} 57. Rf5 {[%clk 0:00:02]}  Bh4 {[%clk 0:00:30]} 58. Rh5+ {[%clk 0:00:02]}  Rh7 {[%clk 0:00:16]} 59. Rxh4 {[%clk 0:00:02]} 1-0

[Event "April 9 Early 2024"]
[Site "Chess.com"]
[Date "2024.04.09"]
[Round "8"]
[White "Kacharava, Nikolozi"]
[Black "Myagmarsuren, Evsuld"]
[Result "1-0"]
[Board "101"]
[WhiteFideId "13611860"]
[BlackFideId "1551639"]
[WhiteTitle "GM"]
[BlackTitle "CM"]
[WhiteElo "2631"]
[BlackElo "2371"]
[WhiteTeam "GEO"]
[BlackTeam "NOR"]
[WhiteClock "0:00:52"]
[BlackClock "0:00:08"]
[Variant "Standard"]

1. e4 {[%clk 0:03:00]}  c5 {[%clk 0:02:58]} 2. Nf3 {[%clk 0:03:00]}  d6 {[%clk 0:02:58]} 3. d4 {[%clk 0:03:01]}  cxd4 {[%clk 0:02:59]} 4. Qxd4 {[%clk 0:03:01]}  Nc6 {[%clk 0:02:59]} 5. Bb5 {[%clk 0:03:01]}  Bd7 {[%clk 0:02:59]} 6. Bxc6 {[%clk 0:03:02]}  Bxc6 {[%clk 0:03:00]} 7. Nc3 {[%clk 0:03:02]}  Nf6 {[%clk 0:03:00]} 8. Bg5 {[%clk 0:03:03]}  e6 {[%clk 0:02:59]} 9. O-O-O {[%clk 0:03:03]}  Be7 {[%clk 0:02:59]} 10. Qd3 {[%clk 0:03:03]}  O-O {[%clk 0:02:50]} 11. Nd4 {[%clk 0:03:02]}  Qa5 {[%clk 0:02:34]} 12. f4 {[%clk 0:03:01]}  h6 {[%clk 0:02:32]} 13. h4 {[%clk 0:02:59]}  Rac8 {[%clk 0:02:23]} 14. Kb1 {[%clk 0:02:57]}  b5 {[%clk 0:02:04]} 15. e5 {[%clk 0:02:53]}  dxe5 {[%clk 0:01:21]} 16. fxe5 {[%clk 0:02:49]}  Nd5 {[%clk 0:00:56]} 17. Nxc6 {[%clk 0:02:10]}  Nxc3+ {[%clk 0:00:39]} 18. Qxc3 {[%clk 0:02:07]}  Qxc3 {[%clk 0:00:29]} 19. Nxe7+ {[%clk 0:02:07]}  Kh7 {[%clk 0:00:29]} 20. bxc3 {[%clk 0:02:07]}  Rxc3 {[%clk 0:00:28]} 21. Rd7 {[%clk 0:02:06]}  a5 {[%clk 0:00:17]} 22. Bd2 {[%clk 0:02:04]}  Rc5 {[%clk 0:00:13]} 23. Bxa5 {[%clk 0:01:58]}  Rxe5 {[%clk 0:00:13]} 24. Nc6 {[%clk 0:01:58]}  Re2 {[%clk 0:00:08]} 25. Rd2 {[%clk 0:01:58]}  Re4 {[%clk 0:00:06]} 26. Nd4 {[%clk 0:01:42]}  Ra8 {[%clk 0:00:03]} 27. Bc3 {[%clk 0:01:42]}  Rd8 {[%clk 0:00:03]} 28. Nf3 {[%clk 0:01:40]}  Rc8 {[%clk 0:00:03]} 29. Kb2 {[%clk 0:01:37]}  b4 {[%clk 0:00:04]} 30. Bd4 {[%clk 0:01:35]}  f6 {[%clk 0:00:04]} 31. Re1 {[%clk 0:01:33]}  Rg4 {[%clk 0:00:03]} 32. Rxe6 {[%clk 0:01:32]}  Rc4 {[%clk 0:00:01]} 33. Re7 {[%clk 0:01:29]}  Re4 {[%clk 0:00:01]} 34. Rxe4 {[%clk 0:01:28]}  f5 {[%clk 0:00:01]} 35. Re7 {[%clk 0:01:28]}  f4 {[%clk 0:00:02]} 36. Rxg7+ {[%clk 0:01:27]}  Kh8 {[%clk 0:00:03]} 37. Rc7+ {[%clk 0:01:26]}  Kg8 {[%clk 0:00:03]} 38. Rxc4 {[%clk 0:01:25]}  Kf8 {[%clk 0:00:04]} 39. Rc7 {[%clk 0:01:25]}  Kg8 {[%clk 0:00:05]} 40. Be5 {[%clk 0:01:18]}  h5 {[%clk 0:00:06]} 41. Rdd7 {[%clk 0:00:59]}  b3 {[%clk 0:00:07]} 42. axb3 {[%clk 0:00:59]}  Kf8 {[%clk 0:00:06]} 43. Rf7+ {[%clk 0:00:55]}  Ke8 {[%clk 0:00:06]} 44. Rce7+ {[%clk 0:00:54]}  Kd8 {[%clk 0:00:07]} 45. Bd6 {[%clk 0:00:53]}  Kc8 {[%clk 0:00:08]} 46. Rf8# {[%clk 0:00:52]} 1-0

[Event "April 9 Early 2024"]
[Site "Chess.com"]
[Date "2024.04.09"]
[Round "8"]
[White "Sahib Singh"]
[Black "Osmonbekov, Talaibek"]
[Result "0-1"]
[Board "102"]
[WhiteFideId "25618342"]
[BlackFideId "2017253"]
[WhiteTitle "FM"]
[WhiteElo "2626"]
[BlackElo "2360"]
[WhiteTeam "IND"]
[BlackTeam "USA"]
[WhiteClock "0:00:00"]
[BlackClock "0:00:48"]
[Variant "Standard"]

1. e4 {[%clk 0:03:00]}  c5 {[%clk 0:02:47]} 2. Nf3 {[%clk 0:03:00]}  d6 {[%clk 0:02:47]} 3. d4 {[%clk 0:03:00]}  cxd4 {[%clk 0:02:48]} 4. Nxd4 {[%clk 0:03:01]}  Nf6 {[%clk 0:02:48]} 5. Nc3 {[%clk 0:03:01]}  g6 {[%clk 0:02:49]} 6. Be3 {[%clk 0:03:01]}  Bg7 {[%clk 0:02:48]} 7. f3 {[%clk 0:03:02]}  O-O {[%clk 0:02:49]} 8. Qd2 {[%clk 0:03:02]}  Nc6 {[%clk 0:02:50]} 9. O-O-O {[%clk 0:03:02]}  d5 {[%clk 0:02:50]} 10. Qe1 {[%clk 0:03:02]}  e5 {[%clk 0:02:50]} 11. Nxc6 {[%clk 0:02:58]}  bxc6 {[%clk 0:02:50]} 12. exd5 {[%clk 0:02:49]}  Nxd5 {[%clk 0:02:51]} 13. Bc5 {[%clk 0:02:49]}  Be6 {[%clk 0:02:47]} 14. Ne4 {[%clk 0:02:47]}  Re8 {[%clk 0:02:47]} 15. c4 {[%clk 0:02:42]}  f5 {[%clk 0:02:39]} 16. cxd5 {[%clk 0:02:12]}  cxd5 {[%clk 0:02:36]} 17. Nd6 {[%clk 0:01:37]}  Qc7 {[%clk 0:02:35]} 18. b4 {[%clk 0:01:35]}  Red8 {[%clk 0:02:29]} 19. Nb5 {[%clk 0:01:35]}  Qb7 {[%clk 0:02:19]} 20. Nd4 {[%clk 0:01:36]}  Bf7 {[%clk 0:02:13]} 21. Nb3 {[%clk 0:01:35]}  d4 {[%clk 0:02:11]} 22. Na5 {[%clk 0:01:27]}  Qc7 {[%clk 0:02:06]} 23. Bc4 {[%clk 0:01:25]}  Bxc4 {[%clk 0:01:52]} 24. Nxc4 {[%clk 0:01:25]}  a5 {[%clk 0:01:53]} 25. a3 {[%clk 0:01:18]}  axb4 {[%clk 0:01:52]} 26. axb4 {[%clk 0:01:19]}  Ra2 {[%clk 0:01:49]} 27. Nb2 {[%clk 0:00:51]}  Bf8 {[%clk 0:01:37]} 28. Kb1 {[%clk 0:00:50]}  Rda8 {[%clk 0:01:36]} 29. Qe2 {[%clk 0:00:47]}  Qf7 {[%clk 0:01:14]} 30. Kc1 {[%clk 0:00:29]}  Bxc5 {[%clk 0:01:04]} 31. bxc5 {[%clk 0:00:30]}  Rb8 {[%clk 0:00:59]} 32. Kb1 {[%clk 0:00:12]}  Qd5 {[%clk 0:00:56]} 33. Rc1 {[%clk 0:00:11]}  d3 {[%clk 0:00:51]} 34. Qd2 {[%clk 0:00:09]}  Qb3 {[%clk 0:00:49]} 35. Qc3 {[%clk 0:00:00]}  Rxb2+ {[%clk 0:00:48]} 0-1

[Event "April 9 Early 2024"]
[Site "Chess.com"]
[Date "2024.04.09"]
[Round "8"]
[White "Velikanov, Alexander"]
[Black "Kunz, Andre"]
[Result "1-0"]
[Board "103"]
[WhiteFideId "2039290"]
[BlackFideId "24623652"]
[WhiteTitle "IM"]
[BlackTitle "CM"]
[WhiteElo "2625"]
[BlackElo "2354"]
[WhiteTeam "USA"]
[BlackTeam "GER"]
[WhiteClock "0:00:44"]
[BlackClock "0:00:09"]
[Variant "Standard"]

1. Nf3 {[%clk 0:03:00]}  d5 {[%clk 0:02:59]} 2. g3 {[%clk 0:03:01]}  Nf6 {[%clk 0:03:00]} 3. Bg2 {[%clk 0:03:01]}  e6 {[%clk 0:03:01]} 4. O-O {[%clk 0:03:01]}  Be7 {[%clk 0:03:01]} 5. c4 {[%clk 0:03:01]}  O-O {[%clk 0:03:02]} 6. d4 {[%clk 0:03:01]}  c6 {[%clk 0:03:02]} 7. Qb3 {[%clk 0:02:59]}  Nbd7 {[%clk 0:03:01]} 8. Nc3 {[%clk 0:02:58]}  b6 {[%clk 0:02:59]} 9. a4 {[%clk 0:02:58]}  Bb7 {[%clk 0:02:56]} 10. cxd5 {[%clk 0:02:49]}  exd5 {[%clk 0:02:54]} 11. a5 {[%clk 0:02:49]}  c5 {[%clk 0:02:48]} 12. a6 {[%clk 0:02:44]}  Bc6 {[%clk 0:02:36]} 13. Ne5 {[%clk 0:02:44]}  Nxe5 {[%clk 0:02:32]} 14. dxe5 {[%clk 0:02:44]}  Ne4 {[%clk 0:02:32]} 15. Rd1 {[%clk 0:01:53]}  Nxc3 {[%clk 0:02:10]} 16. bxc3 {[%clk 0:01:54]}  c4 {[%clk 0:01:39]} 17. Qa2 {[%clk 0:01:54]}  Qc7 {[%clk 0:01:32]} 18. Bxd5 {[%clk 0:01:53]}  Rad8 {[%clk 0:01:30]} 19. e4 {[%clk 0:01:53]}  Qxe5 {[%clk 0:01:26]} 20. Bf4 {[%clk 0:01:40]}  Qf6 {[%clk 0:01:18]} 21. e5 {[%clk 0:01:33]}  Qg6 {[%clk 0:01:14]} 22. Qxc4 {[%clk 0:01:33]}  Bxd5 {[%clk 0:01:14]} 23. Rxd5 {[%clk 0:01:34]}  Rc8 {[%clk 0:00:57]} 24. Qd4 {[%clk 0:01:34]}  Bc5 {[%clk 0:00:56]} 25. Qd2 {[%clk 0:01:28]}  Qe4 {[%clk 0:00:52]} 26. Re1 {[%clk 0:01:23]}  Qc4 {[%clk 0:00:50]} 27. e6 {[%clk 0:01:16]}  fxe6 {[%clk 0:00:49]} 28. Rxe6 {[%clk 0:01:15]}  Qxa6 {[%clk 0:00:36]} 29. Rd7 {[%clk 0:01:07]}  Qc4 {[%clk 0:00:26]} 30. Rxg7+ {[%clk 0:00:46]}  Kxg7 {[%clk 0:00:20]} 31. Be5+ {[%clk 0:00:45]}  Kf7 {[%clk 0:00:19]} 32. Qd7+ {[%clk 0:00:44]}  Kg8 {[%clk 0:00:09]} 33. Qg7# {[%clk 0:00:44]} 1-0